• Bruno, Raffaele Maria,

di Personal Name

Records bibliografici associati: 2

001 - CONTROL NUMBER

  • control field: 46677

003 - CONTROL NUMBER IDENTIFIER

  • control field: IT-RoINE

005 - DATE AND TIME OF LATEST TRANSACTION

  • control field: 20180329093312.0

008 - FIXED-LENGTH DATA ELEMENTS

  • fixed length control field: 180329|| aca||aabn | a|a d

040 ## - CATALOGING SOURCE

  • Original cataloging agency: IT-RoINE
  • Transcribing agency: IT-RoINE

100 ## - HEADING--PERSONAL NAME

  • Personal name: Bruno, Raffaele Maria,
  • Titles and other words associated with a name: O.S.M.

670 ## - SOURCE DATA FOUND

  • Source citation: Work cat.: (IT-RoINE)0: Luther, Martin, 1483-1546 97, Commento al Magnificat /, 1982.